Thành ngữ học tiếng Việt
Quyển sách này làm rõ đối tượng, mục đích, nhiệm vụ, hệ vấn đề, phương pháp, v.v... của thành ngữ học tiêng Việt.
Enregistré dans:
| Auteur principal: | |
|---|---|
| Format: | Livre |
| Langue: | Undetermined |
| Publié: |
Hà Nội
Khoa học - Xã hội
2015
|
| Sujets: | |
| Tags: |
Ajouter un tag
Pas de tags, Soyez le premier à ajouter un tag!
|
| Thư viện lưu trữ: | Trung tâm Học liệu Trường Đại học Cần Thơ |
|---|
| LEADER | 00751nam a2200193Ia 4500 | ||
|---|---|---|---|
| 001 | CTU_209776 | ||
| 008 | 210402s9999 xx 000 0 und d | ||
| 082 | |a 398.99592 | ||
| 082 | |b H107 | ||
| 100 | |a Hoàng, Văn Hành | ||
| 245 | 0 | |a Thành ngữ học tiếng Việt | |
| 245 | 0 | |c Hoàng Văn Hành | |
| 260 | |a Hà Nội | ||
| 260 | |b Khoa học - Xã hội | ||
| 260 | |c 2015 | ||
| 520 | |a Quyển sách này làm rõ đối tượng, mục đích, nhiệm vụ, hệ vấn đề, phương pháp, v.v... của thành ngữ học tiêng Việt. | ||
| 650 | |a Thành ngữ,Terms and phrases | ||
| 904 | |i Nguyễn Ngọc Quý,Hải | ||
| 980 | |a Trung tâm Học liệu Trường Đại học Cần Thơ | ||